01725nas a2200421 a 450000100060000000300080000600500170001400800410003103500140007204000340008604100080012006000140012808200240014224500650016624600450023124600410027626000580031730000320037532100280040732100280043550000780046350400290054151000470057051000410061751000550065851000430071351000360075651000340079251000220082651000490084855001400089765000250103771000380106271000410110077600420114177600540118378000660123777557BD-RjUL20211209083002.0201123c19519999oncmr4p b f0 a0eng d a(BD-RjUL) aLCbengcLCdLCdVITdBD-RjUL0 aeng 0aW1bCA57804223a580.5bCJB 198700aCanadian journal of botany =bJournal canadien de botanique.31aJournal canadien de botaniquef1973-199131aRevue canadienne de botaniquef1992- aOttawa :bNational Research Council of Canada,c1951- av. :bill., maps. ;c26 cm. aFortnightlyb1975-1980. aSemimonthlyb1951-1974. aParallel title changed, Vol. 70 (1992)- to Revue canadienne de botanique. aIncludes bibliographies.1 aBiological & agricultural indexx0006-31772 aASTIS bibliographyx0226-1685b1978-2 aASTIS current awareness bulletinx0705-8454b1978-2 aBibliography of agriculturex0006-15302 aBiological abstractsx0006-31692 aChemical abstractsx0009-22582 aGeoRefx0197-74822 aInternational aerospace abstractsx0020-5842 aVols. for Feb. 1951-Dec. 1973 issued by National Research Council of Canada; Jan. 1974- issued by National Research Council Canada. 3aBotanyxPeriodicals.2 aNational Research Council Canada.2 aNational Research Council of Canada.1 tCanadian journal of botanyx0008-40261 tCanadian journal of botany [microform]x0008-402600tCanadian journal of research. Section C, Botanical sciences